Asedio a la historia contemporánea de Panamá /
שמור ב:
| מחבר ראשי: | |
|---|---|
| פורמט: | ספר |
| שפה: | Spanish |
| תגים: |
הוספת תג
אין תגיות, היה/י הראשונ/ה לתייג את הרשומה!
|
MARC
| LEADER | 00000nam a22000007a 4500 | ||
|---|---|---|---|
| 003 | cru CIDCACS/IIS | ||
| 005 | 20170519140008.0 | ||
| 007 | ta | ||
| 008 | 170519s2016 pn ||||| |||| 00| 0 spa d | ||
| 040 | |c cru CIDCACS/IIS | ||
| 100 | 1 | |9 4832 |a Ríos Torres, Ricardo | |
| 245 | 1 | |a Asedio a la historia contemporánea de Panamá / |c Ricardo Arturo Ríos Torres | |
| 300 | |a páginas 15-31: | ||
| 773 | 0 | |0 19259 |9 895 |a Desarrollo Social y Cultural (Panamá) |d Panamá: Lotería Nacional de Beneficencia |o 19299 |t Lotería: |x 0024662X | |
| 942 | |2 ddc |c PP | ||
| 999 | |c 19351 |d 19351 | ||
